00898 2200289 4500001002100000005001500021035002000036007000300056008004100059020002200100082001400122084002000136100003800156245009200194250001000286260003200296300006000328500007000388650003400458700002000492700002000512700002000532700001800552700001600570990001100586990001100597INLIS00000000000346220200116033553 a0010-0519000054ta200116 g 0 ind  a978-979-1254-02-1 a297.122 6 a297.122 6 ABD t0 aABDURRAHMAN, bin Nashir as- Sa'id1 aTafsir Al-Qur'an (7) :bSurat: Adz-Dzariyat- An-Nas /cAbdurrahman bin Nashir as- Sa'id acet.7 aJakarta :bDarul Haq,c2016 ajil. 7, viii, 608 hlm ;c25 cm.-- Serial Buki DH Ke-247 aJudul asli: Taisir al- Karim ar- Rahman fi Tafsir Kalam al-Mannan 4aTAFSIR AL-QUR'AN. AGAMA ISLAM0 aMUHAMMAD, Iqbal0 aIZZUDIN, Karimi0 aMUHAMMAD, Ashim0 aMUSTOFA, Aini0 aZUHDI, Amin a6790 a a6790 b